|
|
|
|
| LEADER |
00000cam a22000002c 4500 |
| 001 |
1912610515 |
| 003 |
DE-627 |
| 005 |
20250122055012.0 |
| 007 |
tu |
| 008 |
241217s2010 xx ||||| 00| ||eng c |
| 035 |
|
|
|a (DE-627)1912610515
|
| 035 |
|
|
|a (DE-599)KXP1912610515
|
| 040 |
|
|
|a DE-627
|b ger
|c DE-627
|e rda
|
| 041 |
|
|
|a eng
|
| 084 |
|
|
|a 2,1
|2 ssgn
|
| 100 |
1 |
|
|a Farhang, Sean
|e VerfasserIn
|0 (DE-588)1162641347
|0 (DE-627)1026808456
|0 (DE-576)507551311
|4 aut
|
| 109 |
|
|
|a Farhang, Sean
|
| 245 |
1 |
4 |
|a The Litigation State: Public Regulation and Private Law Suits in the United States
|
| 264 |
|
1 |
|a [Erscheinungsort nicht ermittelbar]
|b Princeton University Press
|c 2010
|
| 336 |
|
|
|a Text
|b txt
|2 rdacontent
|
| 337 |
|
|
|a ohne Hilfsmittel zu benutzen
|b n
|2 rdamedia
|
| 338 |
|
|
|a Band
|b nc
|2 rdacarrier
|
| 787 |
0 |
8 |
|i Forschungsdaten
|a Federal Judicial Center
|t Federal Court Cases: Integrated Data Base, 1970-2000
|d [Erscheinungsort nicht ermittelbar] : [Verlag nicht ermittelbar], 1990
|w (DE-627)1840049715
|
| 787 |
0 |
8 |
|i Forschungsdaten
|a Inter-university Consortium for Political and Social Research; Congressional Quarterly, Inc.
|t United States Congressional Roll Call Voting Records, 1789-1998
|
| 935 |
|
|
|a mkri
|
| 951 |
|
|
|a BO
|
| ELC |
|
|
|b 1
|
| LOK |
|
|
|0 000 xxxxxcx a22 zn 4500
|
| LOK |
|
|
|0 001 4637576032
|
| LOK |
|
|
|0 003 DE-627
|
| LOK |
|
|
|0 004 1912610515
|
| LOK |
|
|
|0 005 20241217044649
|
| LOK |
|
|
|0 008 241217||||||||||||||||ger|||||||
|
| LOK |
|
|
|0 035
|a (DE-2619)ICPSR137174
|
| LOK |
|
|
|0 040
|a DE-2619
|c DE-627
|d DE-2619
|
| LOK |
|
|
|0 092
|o n
|
| LOK |
|
|
|0 852
|a DE-2619
|
| LOK |
|
|
|0 852 1
|9 00
|
| LOK |
|
|
|0 935
|a nacp
|
| LOK |
|
|
|0 939
|a 17-12-24
|b l01
|
| ORI |
|
|
|a SA-MARC-krimdoka001.raw
|